| 000 | 00918nam a22002175i 4500 | ||
|---|---|---|---|
| 001 | 167468 | ||
| 003 | ES-MaACL | ||
| 005 | 20250903063442.0 | ||
| 008 | 000114s1883 sp |||| |bspa d | ||
| 080 | _a929 Aparici y García, José | ||
| 100 | 1 |
_aVidart, Luis, _d1833-1897 _eaut _9114538 |
|
| 245 | 1 | 0 |
_aNoticias biográficas del brigadier de ingenieros D. José Aparici y García / _cpor Don Luis Vidart. |
| 260 |
_aMadrid : _b[s.n.], _c1883 _f(Imp. del Memorial de Ingenieros) |
||
| 300 |
_a37 páginas ; _c23 cm. |
||
| 600 | 1 | 4 |
_aAparici y García, José, _d1791-1857 _9125683 |
| 710 | 2 |
_aImprenta del Memorial de Ingenieros _eprm _9134482 |
|
| 852 |
_aES-MaACL _cDEPOF _gDedicatoria autógrafa del autor _hDonativo de Luis Vidart _jT-377-F-20 _xEnc. en un vol. facticio _xHolandesa, falto de enc. original |
||
| 942 |
_2udc _cFOLLETOS _n0 |
||
| 999 |
_c167468 _d167468 |
||